00326nam a2200097Ia 4500008004100000100003000041245006300071260006300134650001200197999001900209160725s9999 xx 000 0 und d aGregorio, Pauline Rose L. 2aA reflective commentary on professional nursing education. bKaizen Research Journal College of NursingcSeptember 2012 aNURSING c298013d298013